000 04094cam a2200349 i 4500
003 URS
005 20260317133657.0
008 240813s2026 pau b 001 0 eng c
020 _a978-1-97523-936-7
040 _bEnglish
_erda
_cURS
050 0 0 _aRC488.5
_b.G49 2025
100 1 _aGlick, Ira D.,
_d1935-
_eauthor.
_4aut
_4http://id.loc.gov/vocabulary/relators/aut
_0http://id.loc.gov/authorities/names/n78093772
240 1 0 _aCouples and family therapy in clinical practice
245 1 0 _aTextbook of couples and family therapy in clinical practice /
_cIra D. Glick, Alison M. Heru, Danielle Kamis.
250 _aSixth edition.
264 1 _aPhiladelphia, PA :
_bWolters Kluwer,
_c©2025.
300 _a386 pages ;
_c26 cm.
336 _atext
_btxt
_2rdacontent
337 _aunmediated
_bn
_2rdamedia
338 _avolume
_bnc
_2rdacarrier
500 _aPreceded by Couples and family therapy in clinical practice / Ira D. Glick, Douglas S. Rait, Alison M. Heru, Michael Ascher. Fifth edition. 2016.
504 _aIncludes bibliographical references and index.
505 0 _aThe Field of Couples and Family Therapy : Development and Definition -- Family Life in Historical and Sociological Perspective -- Understanding the Functional Family -- Understanding the Functional Family in a Variety of Family Forms -- Problems and Dysfunction from an Integrated Family Systems Perspective -- The Process of Evaluation -- The Content of Evaluation -- Formulating an Understanding of the Family Problem Areas -- Major Family Therapy Schools and Their Treatment Strategies -- Goals -- Family Treatment : Integrated Strategies and Techniques -- The Course of Family Treatment -- Promoting Change in Family Treatment : Issues of Alliance and Resistance -- Family Therapy : General Considerations -- Dysfunctional Couples and Couples Therapy -- Sex, Couples, and Sex Therapy -- Couples and Families Breaking Apart : Separation and Divorce -- Family Treatment in the Context of Individual Psychiatric Disorders -- Family Treatment in the Context of Other Special Problems : Violence to Self and Others -- The Family and Treatment of Acute and Chronic Psychiatric Illness -- Working with Families in the Medical Setting -- Indications for and the Sequence of Family Therapy Evaluation and Treatment -- Controversies, Relative Contraindications, and the Use and Misuse of Couples and Family Therapy -- Results : The Outcomes of Couples and Family Therapy -- Ethical and Professional Issues in Couples and Family Therapy.
520 _a"Couples and Family Therapy in Clinical Practice delivers the essential information that clinicians of all disciplines need to provide effective family-centered interventions for couples and families. A practical clinical guide, it aims to helps clinicians to navigate working within family-systems by reviewing clinical practice considerations, current research, and training issues in part through real world case examples. The chapters present family therapy and family-oriented interventions in an easy-to-read and digestible manner. The text is unique within the landscape of similar publications in that it is edited in part by psychiatrists but is designed to be an interdisciplinary resource for any treatment provider working with families including clinical psychologists, social workers, and advance practice nurses, as well as psychiatrists"-- Provided by publisher.
650 2 _aFamily Therapy
_xmethods
650 2 _aCouples Therapy
_xmethods
650 2 _aMarital Therapy
_xmethods
700 1 _aHeru, Alison M.,
_d1953-
_eauthor.
_4http://id.loc.gov/vocabulary/relators/aut
_0http://id.loc.gov/authorities/names/n2006183512
700 1 _aKamis, Danielle
_eauthor.
_4http://id.loc.gov/vocabulary/relators/aut
_0http://id.loc.gov/authorities/names/n2017188264
776 1 _iOnline version
_4http://id.loc.gov/entities/relationships/onlineversion
_aGlick, Ira D., 1935-
_tTextbook of couples and family therapy in clinical practice
_bSixth edition
_dPhiladelphia, PA: Wolters Kluwer, [2026]
_w(DLC) 2024037499
_z9781975239374
_z9781975239367
942 _2lcc
_cR
999 _c99088
_d99085